Movies to win Golden Globes, BAFTA, and Oscars - Statistics

General Stats
  • This quiz has been taken 115 times
    11 since last reset
  • The average score is 11 of 23
Answer Stats
Year Answer % Correct
2000 Gladiator
90%
2025 One Battle After Another
80%
2023 Oppenheimer
70%
1998 Shakespeare in Love
70%
2003 The Lord of the Rings: The Return of the King
70%
1999 American Beauty
60%
2020 Nomadland
60%
1975 One Flew Over the Cuckoo's Nest
60%
2013 12 Years a Slave
50%
2012 Argo
50%
2011 The Artist
50%
1963 Tom Jones
50%
1959 Ben-Hur
40%
1964 My Fair Lady
40%
1960 The Apartment
40%
1996 The English Patient
40%
1962 Lawrence of Arabia
30%
1993 Schindler's List
30%
2008 Slumdog Millionaire
30%
1957 The Bridge on the River Kwai
30%
1987 The Last Emperor
30%
1966 A Man for All Seasons
20%
1946 The Best Years of Our Lives
20%
No matching quizzes found
Score Distribution
Percent of People with Each Score
Percentile by Number Answered
Your Score History
You have not taken this quiz since the last reset